| 000 | 01116nam a22003257a 4500 | ||
|---|---|---|---|
| 003 | CHAP | ||
| 005 | 20220817042433.0 | ||
| 008 | 971013s1975 r 00010 d | ||
| 010 | _a44614 | ||
| 011 | _a45586 | ||
| 035 | _a49725 | ||
| 040 | _cCHAP | ||
| 082 |
_a634.81 _bI5 1975 |
||
| 110 |
_aMéxico. INIA. Centro de Investigaciones Agrícolas del Noreste _977069 |
||
| 245 | _aDía del viticultor (7o.): Comarca Lagunera | ||
| 260 |
_a(Matamoros de La Laguna, Coah.) : _bEl Instituto, _c1975 |
||
| 300 | _a345 p. | ||
| 490 | _aAvances de investigación | ||
| 590 |
_aBATCH-UPD _b10 _c20130110 _lUCH01 _h1131 |
||
| 590 |
_aBATCH-UPD _b10 _c20130410 _lUCH01 _h0719 |
||
| 590 |
_aBATCH-UPD _b10 _c20130914 _lUCH01 _h0431 |
||
| 590 |
_aCONVERSION _b10 _c20130109 _lUCH01 _h1324 |
||
| 650 | 1 | 4 |
_aComarca Lagunera _xViticultura. _925536 |
| 650 | 1 | 4 | _aViticultura. |
| 830 | 0 |
_aAvances de investigación _98476 |
|
| 901 | _aBK | ||
| 942 | _cLIBRO | ||
| 949 |
_a634.81 I5 1975 _bBC _cLIBRO _d33724000211397 _eLIBRO _h40288 _i49725 _mD _si |
||
| 949 |
_a634.81 I5 1975 _bBC _cLIBRO _d33724000211405 _eLIBRO _fc.2 _h43027 _i49725 _mD _si |
||
| 999 |
_c44614 _d44614 |
||